000 00342 a2200157 4500
001 67892
020 _a9788550404011
040 _cAnchieta - Pituba
100 _aChucruts, Marlon
240 1 0 _a99 brincadeiras cantadas
_lpor
245 1 0 _a99 brincadeiras cantadas
300 _a144
362 0 _a2018
650 4 _aFolclore
942 _cBK
999 _c67892
_d67892